[Event "GBR-ch73"]
[Site "Southampton"]
[Date "1986.07.30"]
[Round "3"]
[White "Pritchett, Craig William"]
[Black "Dunnington, Angus J"]
[Result "1-0"]
[WhiteElo "2400"]
[BlackElo "2280"]
[PlyCount "77"]
[EventDate "1986.07.28"]
[EventType "swiss"]
[EventRounds "11"]
[EventCountry "GBR"]
[SourceTitle "BritBase"]
[Source "John Saunders"]
[SourceDate "2020.09.07"]
[SourceVersion "1"]
[SourceVersionDate "2020.09.07"]
[SourceQuality "2"]

1. e4 g6 2. d4 c6 3. c3 d5 4. Nd2 Bg7 5. Ngf3 Nh6 6. Bd3 Nd7 7. O-O dxe4 8.
Nxe4 O-O 9. Re1 Nf5 10. Bf4 Nf6 11. Nxf6+ exf6 12. Qc2 Ne7 13. h3 Nd5 14. Bd2
Be6 15. c4 Ne7 16. Rad1 Re8 17. Bc3 Qc7 18. b3 Rad8 19. Qc1 Nc8 20. Re2 Nd6 21.
Rde1 Qd7 22. Qa3 b5 23. d5 cxd5 24. c5 Ne4 25. Bxe4 dxe4 26. Rxe4 Bd5 27. Rxe8+
Rxe8 28. Rxe8+ Qxe8 29. Qxa7 h5 30. Qb6 Qa8 31. Bxf6 Bxf3 32. gxf3 Qxf3 33.
Qd8+ Kh7 34. Bxg7 Kxg7 35. Qd4+ Kh7 36. Qd7 g5 37. c6 g4 38. hxg4 h4 39. Qf5+
1-0

[Event "GBR-ch73"]
[Site "Southampton"]
[Date "1986.07.30"]
[Round "3"]
[White "Rahman, Ziaur"]
[Black "Bell, Stephen"]
[Result "0-1"]
[WhiteElo "2305"]
[BlackElo "2360"]
[PlyCount "60"]
[EventDate "1986.07.28"]
[EventType "swiss"]
[EventRounds "11"]
[EventCountry "GBR"]
[SourceTitle "BritBase"]
[Source "John Saunders"]
[SourceDate "2020.09.07"]
[SourceVersion "1"]
[SourceVersionDate "2020.09.07"]
[SourceQuality "2"]

1. e4 e5 2. Nf3 d6 3. d4 Nf6 4. Nc3 Nbd7 5. Bc4 Be7 6. O-O O-O 7. Bg5 c6 8. Bb3
b5 9. a3 Bb7 10. Re1 a6 11. Bxf6 Bxf6 12. d5 c5 13. Ne2 c4 14. Ba2 g6 15. g4
Nc5 16. Ng3 Bc8 17. Nd2 Bg5 18. Ndf1 Bf4 19. Bb1 Qg5 20. h3 Qh4 21. Kg2 f5 22.
exf5 gxf5 23. Nh2 fxg4 24. hxg4 Ra7 25. Rh1 Raf7 26. Rf1 Bxg3 27. fxg3 Qxh2+
28. Kxh2 Rxf1 29. Qxf1 Rxf1 30. b4 Na4 0-1

[Event "GBR-ch73"]
[Site "Southampton"]
[Date "1986.07.30"]
[Round "3"]
[White "Ravikumar, Vaidyanathan"]
[Black "Condie, Mark L"]
[Result "1/2-1/2"]
[WhiteElo "2345"]
[BlackElo "2410"]
[PlyCount "57"]
[EventDate "1986.07.28"]
[EventType "swiss"]
[EventRounds "11"]
[EventCountry "GBR"]
[SourceTitle "BritBase"]
[Source "John Saunders"]
[SourceDate "2020.09.07"]
[SourceVersion "1"]
[SourceVersionDate "2020.09.07"]
[SourceQuality "2"]

1. d4 d5 2. c4 e6 3. Nc3 Nf6 4. Bg5 Nbd7 5. cxd5 exd5 6. e3 Be7 7. Bd3 O-O 8.
Qc2 Re8 9. Nf3 Nf8 10. O-O c6 11. Rab1 Ng6 12. b4 Bd6 13. b5 Bg4 14. bxc6 bxc6
15. Nh4 Bh5 16. h3 h6 17. Bxf6 Qxf6 18. Nxg6 Bxg6 19. Bxg6 fxg6 20. Ne2 Rac8
21. Rb7 g5 22. Rfb1 g4 23. hxg4 Re4 24. Rd7 Rf8 25. f3 Rxe3 26. Rbb7 Rfe8 27.
Qxc6 Bh2+ 28. Kxh2 Qh4+ 29. Kg1 1/2-1/2

[Event "GBR-ch73"]
[Site "Southampton"]
[Date "1986.07.30"]
[Round "3"]
[White "Rossiter, Philip"]
[Black "Quillan, Gary"]
[Result "1-0"]
[WhiteElo "2230"]
[BlackElo "2010"]
[PlyCount "61"]
[EventDate "1986.07.28"]
[EventType "swiss"]
[EventRounds "11"]
[EventCountry "GBR"]
[SourceTitle "BritBase"]
[Source "John Saunders"]
[SourceDate "2020.09.07"]
[SourceVersion "1"]
[SourceVersionDate "2020.09.07"]
[SourceQuality "2"]

1. d4 Nf6 2. c4 c5 3. d5 b5 4. Qc2 bxc4 5. Nc3 g6 6. e4 d6 7. Nf3 Nbd7 8. Bxc4
Bg7 9. O-O O-O 10. Rb1 Nb6 11. b3 e6 12. dxe6 fxe6 13. Bg5 h6 14. Bxf6 Qxf6 15.
e5 dxe5 16. Rfe1 Bb7 17. Ne4 Qf4 18. Bxe6+ Kh8 19. Rbd1 Rad8 20. Nfd2 Rd4 21.
g3 Bxe4 22. Nxe4 Qf3 23. Nxc5 Rfd8 24. Rxd4 exd4 25. Qxg6 Rf8 26. Nd3 Rf6 27.
Qe4 Qxe4 28. Rxe4 Rf3 29. Nf4 Rc3 30. Bf5 Kg8 31. Re7 1-0

[Event "GBR-ch73"]
[Site "Southampton"]
[Date "1986.07.30"]
[Round "3"]
[White "Smith, Alan A"]
[Black "Townsend, M Paul"]
[Result "0-1"]
[WhiteElo "2280"]
[BlackElo "2220"]
[PlyCount "104"]
[EventDate "1986.07.28"]
[EventType "swiss"]
[EventRounds "11"]
[EventCountry "GBR"]
[SourceTitle "BritBase"]
[Source "John Saunders"]
[SourceDate "2020.09.07"]
[SourceVersion "1"]
[SourceVersionDate "2020.09.07"]
[SourceQuality "2"]

1. Nf3 Nf6 2. g3 g6 3. b3 Bg7 4. Bb2 O-O 5. Bg2 d6 6. d4 Nbd7 7. Nbd2 c5 8. O-O
cxd4 9. Nxd4 Nc5 10. c4 Bd7 11. Rc1 Qb6 12. Nc2 Bc6 13. Ne3 Bxg2 14. Kxg2 e6
15. Nf3 Rfd8 16. Qc2 a5 17. Rb1 Rac8 18. Rfc1 Nce4 19. Bd4 Qc6 20. Qd1 h5 21.
Kg1 e5 22. Bb2 Qc5 23. Qf1 Bh6 24. Ng2 Ng4 25. e3 Nexf2 26. Rc2 Bxe3 27. Nge1
e4 28. Nd2 Nd1+ 29. Kh1 Ngf2+ 30. Kg1 Nd3+ 31. Kh1 N1xb2 32. Nxe4 Qd4 33. Qf3
f5 34. Nc3 Re8 35. Nd5 Nxe1 36. Rxe1 Nd3 37. Rxe3 Ne1 38. Rxe1 Rxe1+ 39. Kg2
Kg7 40. Nf4 Rg1+ 41. Kh3 Qe4 42. Qc3+ Qe5 43. Qf3 Qe4 44. Qc3+ Qe5 45. Qf3 Qe7
46. Re2 Qf7 47. Re6 g5 48. Qc3+ Kh7 49. Rf6 Qe7 50. Nxh5 Rf8 51. Qd4 g4+ 52.
Kh4 Rd1 0-1

[Event "GBR-ch73"]
[Site "Southampton"]
[Date "1986.07.30"]
[Round "3"]
[White "Yeo, Michael J"]
[Black "Le Blancq, Simon"]
[Result "1-0"]
[WhiteElo "2240"]
[BlackElo "2270"]
[PlyCount "51"]
[EventDate "1986.07.28"]
[EventType "swiss"]
[EventRounds "11"]
[EventCountry "GBR"]
[SourceTitle "BritBase"]
[Source "John Saunders"]
[SourceDate "2020.09.07"]
[SourceVersion "1"]
[SourceVersionDate "2020.09.07"]
[SourceQuality "2"]

1. e4 c5 2. Nf3 d6 3. d4 cxd4 4. Nxd4 Nf6 5. Nc3 g6 6. Be3 Bg7 7. f3 O-O 8. Qd2
Nc6 9. Bc4 Bd7 10. h4 Rc8 11. Bb3 Ne5 12. O-O-O h5 13. g4 hxg4 14. h5 Nxh5 15.
Bh6 e6 16. Rdg1 Qf6 17. Bxg7 Qxg7 18. fxg4 Nf6 19. Rh4 g5 20. Rh3 Qg6 21. Nf5
exf5 22. gxf5 Nxe4 23. Nxe4 Bxf5 24. Rxg5 Bxe4 25. Rxg6+ Nxg6 26. Qh6 1-0

[Event "GBR-ch73"]
[Site "Southampton"]
[Date "1986.07.31"]
[Round "4"]
[White "Barber, Haydn J"]
[Black "Anagnostopoulos, Dimitri"]
[Result "1/2-1/2"]
[WhiteElo "2320"]
[BlackElo "2255"]
[PlyCount "68"]
[EventDate "1986.07.28"]
[EventType "swiss"]
[EventRounds "11"]
[EventCountry "GBR"]
[SourceTitle "BritBase"]
[Source "John Saunders"]
[SourceDate "2020.09.07"]
[SourceVersion "1"]
[SourceVersionDate "2020.09.07"]
[SourceQuality "2"]

1. e4 d6 2. d4 Nf6 3. Nc3 g6 4. f4 Bg7 5. Nf3 c5 6. Bb5+ Bd7 7. e5 Ng4 8. Bxd7+
Qxd7 9. d5 dxe5 10. h3 e4 11. hxg4 exf3 12. Qxf3 Na6 13. Bd2 Nc7 14. O-O-O
O-O-O 15. Rhe1 Rhe8 16. Ne4 Qxd5 17. Qa3 Kb8 18. Nxc5 Nb5 19. Qb4 Qxa2 20. c3
Nd6 21. f5 Qc4 22. Qxc4 Nxc4 23. Bf4+ Nd6 24. f6 Bxf6 25. Rxd6 exd6 26. Rxe8
Rxe8 27. Nd7+ Kc7 28. Nxf6 Re2 29. g3 Kc6 30. Nxh7 Kd5 31. Kb1 b5 32. Ka2 Kc4
33. Bxd6 a5 34. Ng5 f6 1/2-1/2

[Event "GBR-ch73"]
[Site "Southampton"]
[Date "1986.07.31"]
[Round "4"]
[White "Basman, Michael John"]
[Black "Mestel, A Jonathan"]
[Result "0-1"]
[WhiteElo "2395"]
[BlackElo "2505"]
[PlyCount "60"]
[EventDate "1986.07.28"]
[EventType "swiss"]
[EventRounds "11"]
[EventCountry "GBR"]
[SourceTitle "BritBase"]
[Source "John Saunders"]
[SourceDate "2020.09.07"]
[SourceVersion "1"]
[SourceVersionDate "2020.09.07"]
[SourceQuality "2"]

1. e4 c5 2. Nf3 d6 3. Be2 Nf6 4. c3 g6 5. O-O Bg7 6. Qc2 Qc7 7. d3 O-O 8. Ne1
Nc6 9. f4 b5 10. f5 b4 11. Be3 bxc3 12. bxc3 Rb8 13. fxg6 hxg6 14. Nd2 Ba6 15.
Nb3 Ne5 16. c4 Bc8 17. Nf3 Nfg4 18. Bd2 d5 19. Nxe5 Bxe5 20. Bxg4 Bxg4 21. cxd5
Bxh2+ 22. Kh1 Qe5 23. Bc3 Qh5 24. g3 Bxg3+ 25. Kg1 Be2 26. Rf2 Bxf2+ 27. Kxf2
Qf3+ 28. Ke1 Bxd3 29. Qh2 Qe3+ 30. Kd1 f6 0-1

[Event "GBR-ch73"]
[Site "Southampton"]
[Date "1986.07.31"]
[Round "4"]
[White "Bell, Stephen"]
[Black "Botterill, George Steven"]
[Result "1-0"]
[WhiteElo "2360"]
[BlackElo "2395"]
[PlyCount "67"]
[EventDate "1986.07.28"]
[EventType "swiss"]
[EventRounds "11"]
[EventCountry "GBR"]
[SourceTitle "BritBase"]
[Source "John Saunders"]
[SourceDate "2020.09.07"]
[SourceVersion "1"]
[SourceVersionDate "2020.09.07"]
[SourceQuality "2"]

1. d4 Nf6 2. c4 g6 3. Nf3 Bg7 4. e3 O-O 5. Be2 c6 6. Nc3 d5 7. O-O Bg4 8. h3
Bxf3 9. Bxf3 e6 10. b3 Re8 11. Qc2 Nbd7 12. Rd1 Qc7 13. Bb2 Rad8 14. cxd5 cxd5
15. Rac1 Rc8 16. Qd2 Qb8 17. Rc2 Nb6 18. Ba3 h6 19. Rdc1 Bf8 20. Bxf8 Rxf8 21.
a4 Rc6 22. a5 Nc8 23. e4 dxe4 24. Bxe4 Rd6 25. Qf4 Nh5 26. Qe5 f6 27. Qc5 b6
28. Qb4 Ne7 29. Bf3 bxa5 30. Qxa5 Nf4 31. Ne4 Rxd4 32. Qa6 Qxb3 33. Qxa7 Nf5
34. Nxf6+ 1-0

[Event "GBR-ch73"]
[Site "Southampton"]
[Date "1986.07.31"]
[Round "4"]
[White "Chandler, Murray G"]
[Black "Prasad, Devaki"]
[Result "1-0"]
[WhiteElo "2565"]
[BlackElo "2410"]
[PlyCount "97"]
[EventDate "1986.07.28"]
[EventType "swiss"]
[EventRounds "11"]
[EventCountry "GBR"]
[SourceTitle "BritBase"]
[Source "John Saunders"]
[SourceDate "2020.09.07"]
[SourceVersion "1"]
[SourceVersionDate "2020.09.07"]
[SourceQuality "2"]

1. e4 e5 2. Nf3 Nc6 3. Bb5 a6 4. Ba4 Nf6 5. O-O Be7 6. Re1 b5 7. Bb3 d6 8. c3
O-O 9. d4 Bg4 10. Be3 Na5 11. dxe5 Bxf3 12. Qxf3 dxe5 13. Bc2 Nc4 14. Bc1 c5
15. Bd3 Nb6 16. Nd2 c4 17. Bc2 Qc7 18. Nf1 Rfd8 19. Ng3 g6 20. Bh6 Ne8 21. b3
cxb3 22. Bxb3 Nc4 23. Nf1 Ba3 24. h4 Rd7 25. Bg5 a5 26. Rad1 a4 27. Bxc4 bxc4
28. Ne3 Rxd1 29. Rxd1 Bc5 30. Nd5 Qc6 31. Rb1 Kg7 32. h5 f6 33. hxg6 hxg6 34.
Bd2 Nc7 35. Rb7 Ra7 36. Rb8 Nxd5 37. Qh3 Nf4 38. Qh8+ Kf7 39. Be3 f5 40. Bxc5
Qxc5 41. exf5 Rc7 42. g3 gxf5 43. gxf4 exf4 44. Qg8+ Kf6 45. Rf8+ Ke5 46. Qh8+
Ke4 47. Rd8 Kf3 48. Qh5+ Ke4 49. Qe2+ 1-0

[Event "GBR-ch73"]
[Site "Southampton"]
[Date "1986.07.31"]
[Round "4"]
[White "Chin, Francis"]
[Black "Smith, Alan A"]
[Result "1/2-1/2"]
[WhiteElo "2075"]
[BlackElo "2280"]
[PlyCount "103"]
[EventDate "1986.07.28"]
[EventType "swiss"]
[EventRounds "11"]
[EventCountry "GBR"]
[SourceTitle "BritBase"]
[Source "John Saunders"]
[SourceDate "2020.09.07"]
[SourceVersion "1"]
[SourceVersionDate "2020.09.07"]
[SourceQuality "2"]

1. d4 Nf6 2. Nf3 g6 3. g3 Bg7 4. Bg2 d6 5. O-O O-O 6. c4 Nbd7 7. Nc3 e5 8. e4
c6 9. h3 Qb6 10. Re1 exd4 11. Nxd4 Ne8 12. Nb3 Ne5 13. Bf1 Be6 14. Be3 Qc7 15.
Nd2 f5 16. f4 Nf7 17. exf5 Bxf5 18. Nf3 Nf6 19. Nd4 Bd7 20. Qd2 Rae8 21. Bf2
Qc8 22. Kh2 Bh6 23. Be3 Re7 24. Nf3 Nh5 25. Bf2 Ne5 26. Ng1 Re6 27. Qd4 b6 28.
Ne4 Nf7 29. Rad1 Rfe8 30. Bg2 Bg7 31. Qd2 Nf6 32. Nxf6+ Bxf6 33. b3 Rxe1 34.
Rxe1 Rxe1 35. Qxe1 Qa6 36. Qd2 b5 37. cxb5 Qxb5 38. Nf3 c5 39. Ne1 Bc6 40. Bd5
Bxd5 41. Qxd5 Qe2 42. Kg1 Bd4 43. Qa8+ Kg7 44. Bxd4+ cxd4 45. Nf3 Qd1+ 46. Kf2
Qc2+ 47. Kf1 Qb1+ 48. Ne1 Qxa2 49. Qd5 Qa1 50. Ke2 Qb2+ 51. Kf1 Qa1 52. Ke2
1/2-1/2

[Event "GBR-ch73"]
[Site "Southampton"]
[Date "1986.07.31"]
[Round "4"]
[White "Conquest, Stuart"]
[Black "Ravikumar, Vaidyanathan"]
[Result "1-0"]
[WhiteElo "2430"]
[BlackElo "2345"]
[PlyCount "87"]
[EventDate "1986.07.28"]
[EventType "swiss"]
[EventRounds "11"]
[EventCountry "GBR"]
[SourceTitle "BritBase"]
[Source "John Saunders"]
[SourceDate "2020.09.07"]
[SourceVersion "1"]
[SourceVersionDate "2020.09.07"]
[SourceQuality "2"]

1. d4 d6 2. c4 Nd7 3. Nc3 e5 4. e4 Ngf6 5. Nf3 Be7 6. Be2 O-O 7. O-O c6 8. Re1
Re8 9. Bf1 Qc7 10. Rb1 Bf8 11. b4 g6 12. h3 exd4 13. Nxd4 a6 14. Bg5 Bg7 15.
Qd2 Nf8 16. Bf4 N6d7 17. Bh2 Ne5 18. f4 Ned7 19. Kh1 a5 20. a3 axb4 21. axb4
Qd8 22. Nc2 Nb6 23. Rbd1 Be6 24. Ne3 f5 25. exf5 gxf5 26. Qc2 Ng6 27. Ne2 Ra3
28. Nd4 Bxd4 29. Rxd4 Qh4 30. Qc1 Rb3 31. Nxf5 Bxf5 32. Rxe8+ Kf7 33. Re1 d5
34. cxd5 Nxd5 35. Bc4 Rb1 36. Qxb1 Bxb1 37. Rxb1 Nge7 38. b5 Qf2 39. Bg1 Qc2
40. Bd3 Qc3 41. bxc6 bxc6 42. Bxh7 c5 43. Rd3 Qc4 44. Rf3 1-0

[Event "GBR-ch73"]
[Site "Southampton"]
[Date "1986.07.31"]
[Round "4"]
[White "Crawley, Gavin"]
[Black "Norwood, David"]
[Result "0-1"]
[WhiteElo "2345"]
[BlackElo "2415"]
[PlyCount "76"]
[EventDate "1986.07.28"]
[EventType "swiss"]
[EventRounds "11"]
[EventCountry "GBR"]
[SourceTitle "BritBase"]
[Source "John Saunders"]
[SourceDate "2020.09.07"]
[SourceVersion "1"]
[SourceVersionDate "2020.09.07"]
[SourceQuality "2"]

1. e4 g6 2. d4 Bg7 3. c4 d6 4. Nc3 Nd7 5. Nf3 e5 6. Bg5 f6 7. Be3 Ne7 8. dxe5
fxe5 9. c5 Nxc5 10. Bxc5 dxc5 11. Qb3 Nc6 12. Bb5 Bd7 13. Rd1 a6 14. Bc4 Nd4
15. Nxd4 exd4 16. O-O b5 17. Bd5 c4 18. Qa3 c6 19. e5 cxd5 20. Rxd4 Be6 21. Ne4
Bxe5 22. Nc5 Bxd4 23. Nxe6 Qe7 24. Qh3 Bb6 25. Re1 Qf6 26. Nc5+ Kf7 27. Qd7+
Kf8 28. Qxd5 Bxc5 29. Qxc5+ Kg7 30. Re7+ Kg8 31. Qd5+ Kf8 32. Re6 Qd8 33. Rd6
Qe7 34. h3 Re8 35. Qc6 Qe1+ 36. Kh2 Qe5+ 37. g3 Kf7 38. Rd7+ Re7 0-1

[Event "GBR-ch73"]
[Site "Southampton"]
[Date "1986.07.31"]
[Round "4"]
[White "Depasquale, Chris"]
[Black "Levitt, Jonathan"]
[Result "0-1"]
[WhiteElo "2305"]
[BlackElo "2455"]
[PlyCount "118"]
[EventDate "1986.07.28"]
[EventType "swiss"]
[EventRounds "11"]
[EventCountry "GBR"]
[SourceTitle "BritBase"]
[Source "John Saunders"]
[SourceDate "2020.09.07"]
[SourceVersion "1"]
[SourceVersionDate "2020.09.07"]
[SourceQuality "2"]

1. g3 d5 2. Bg2 Nf6 3. f4 g6 4. Nf3 Bg7 5. O-O O-O 6. d3 b6 7. c3 Bb7 8. a4 a6
9. Na3 c5 10. Nc2 Qc7 11. f5 gxf5 12. Nh4 e6 13. Bf4 Qc8 14. Qd2 Kh8 15. Bh3
Rg8 16. Ne1 Nbd7 17. Nef3 Nf8 18. Ng5 Qd7 19. e4 h6 20. Ngf3 dxe4 21. Ne5 Qe8
22. Bxh6 N6h7 23. Bxg7+ Rxg7 24. Qh6 Rd8 25. dxe4 Bxe4 26. a5 Rd5 27. Nc4 b5
28. Ne3 Rd3 29. Rae1 Qd8 30. Bg2 Qg5 31. Qxg5 Nxg5 32. Bxe4 fxe4 33. Re2 c4 34.
Nc2 Nd7 35. Nb4 Rd6 36. Ree1 Ne5 37. Rd1 Nd3 38. Rf6 Rg8 39. Rh6+ Kg7 40. Nf5+
exf5 41. Rxd6 Nf3+ 42. Kg2 Nfe1+ 43. Kf1 Nf3 44. Nxd3 cxd3 45. Kg2 Ne5 46. b3
Rc8 47. Rc1 Nc6 48. Rf1 Nxa5 49. Rxf5 Nxb3 50. h4 Rxc3 51. h5 Rc2+ 52. Kh3 Rc7
53. h6+ Kh7 54. Re5 d2 55. Rxe4 Rc1 56. Re3 d1=Q 57. Rxd1 Rxd1 58. Rxb3 Rd6 59.
Rf3 Rxh6+ 0-1

[Event "GBR-ch73"]
[Site "Southampton"]
[Date "1986.07.31"]
[Round "4"]
[White "Dunnington, Angus J"]
[Black "Findlay, Ian T"]
[Result "0-1"]
[WhiteElo "2280"]
[BlackElo "2375"]
[PlyCount "88"]
[EventDate "1986.07.28"]
[EventType "swiss"]
[EventRounds "11"]
[EventCountry "GBR"]
[SourceTitle "BritBase"]
[Source "John Saunders"]
[SourceDate "2020.09.07"]
[SourceVersion "1"]
[SourceVersionDate "2020.09.07"]
[SourceQuality "2"]

1. e4 c5 2. Nc3 Nc6 3. f4 g6 4. Nf3 Bg7 5. Bb5 d6 6. O-O Bd7 7. d3 Nf6 8. e5
dxe5 9. Nxe5 Nd4 10. Nxd7 Nxd7 11. Bc4 Nb6 12. Ne4 Nxc4 13. dxc4 b6 14. c3 Nc6
15. Qe2 O-O 16. f5 Ne5 17. Bg5 f6 18. Bh4 Qd3 19. Qxd3 Nxd3 20. b3 Ne5 21. Rad1
Ng4 22. Rde1 Nh6 23. fxg6 hxg6 24. h3 Rad8 25. Rf3 Rd7 26. Bf2 Nf7 27. h4 f5
28. Ng5 Nxg5 29. hxg5 e5 30. b4 e4 31. Rh3 Rfd8 32. bxc5 bxc5 33. Bxc5 Rc8 34.
Bb4 Rxc4 35. Kf2 Rd5 36. Rb1 Rd2+ 37. Kf1 Rxa2 38. Rd1 Rc8 39. Rd6 a5 40. Ra6
Rd8 41. c4 Rd1+ 42. Be1 Bd4 43. Ra8+ Kg7 44. Rb3 Rf2+ 0-1

[Event "GBR-ch73"]
[Site "Southampton"]
[Date "1986.07.31"]
[Round "4"]
[White "Flear, Glenn C"]
[Black "Martin, Andrew D"]
[Result "1-0"]
[WhiteElo "2505"]
[BlackElo "2370"]
[PlyCount "85"]
[EventDate "1986.07.28"]
[EventType "swiss"]
[EventRounds "11"]
[EventCountry "GBR"]
[SourceTitle "BritBase"]
[Source "John Saunders"]
[SourceDate "2020.09.07"]
[SourceVersion "1"]
[SourceVersionDate "2020.09.07"]
[SourceQuality "2"]

1. d4 Nf6 2. c4 c5 3. d5 e5 4. Nc3 d6 5. e4 Nbd7 6. Bd3 a6 7. Nf3 Be7 8. h3 h5
9. Be3 Nf8 10. Rb1 Ng6 11. Qd2 h4 12. b4 b6 13. Na4 Nh5 14. bxc5 bxc5 15. Nb6
Rb8 16. Nxc8 Rxb1+ 17. Bxb1 Qxc8 18. O-O Ngf4 19. Nh2 O-O 20. Bc2 g6 21. Rb1
Bd8 22. Rb3 f5 23. exf5 gxf5 24. Bd1 Rf7 25. Qb2 Rg7 26. Bxh5 Nxh5 27. Rb8 Qc7
28. Nf3 Kh7 29. Bg5 Be7 30. Rb7 Qd8 31. Bxe7 Rxe7 32. Nxh4 Ng7 33. Rb8 Qa5 34.
Qc1 f4 35. Qb1+ e4 36. Rf8 Qb4 37. Qd1 f3 38. Nxf3 Qxc4 39. Ng5+ Kg6 40. Ne6
Nxe6 41. Qg4+ Ng5 42. Qf5+ Kg7 43. Qf6+ 1-0

[Event "GBR-ch73"]
[Site "Southampton"]
[Date "1986.07.31"]
[Round "4"]
[White "Giulian, Philip Maurice"]
[Black "Ward, Christopher"]
[Result "0-1"]
[WhiteElo "2225"]
[BlackElo "2315"]
[PlyCount "76"]
[EventDate "1986.07.28"]
[EventType "swiss"]
[EventRounds "11"]
[EventCountry "GBR"]
[SourceTitle "BritBase"]
[Source "John Saunders"]
[SourceDate "2020.09.07"]
[SourceVersion "1"]
[SourceVersionDate "2020.09.07"]
[SourceQuality "2"]

1. d4 Nf6 2. c4 e6 3. Nc3 Bb4 4. e3 b6 5. Nge2 Ne4 6. Qc2 Bb7 7. a3 Bxc3+ 8.
Nxc3 Nxc3 9. Qxc3 O-O 10. b4 d6 11. Bb2 Nd7 12. f3 Qh4+ 13. g3 Qh5 14. e4 f5
15. d5 Nf6 16. Bg2 fxe4 17. fxe4 exd5 18. cxd5 Ba6 19. Bf3 Qg5 20. Rd1 Ng4 21.
Bc1 Rxf3 22. Qxf3 Ne5 23. Qe2 Bxe2 24. Bxg5 Bxd1 25. Kxd1 Re8 26. Ke2 Nf7 27.
Bf4 Rxe4+ 28. Kd3 Re7 29. h4 Kf8 30. a4 Ke8 31. a5 Kd7 32. Kc4 Re4+ 33. Kb5 a6+
34. Kxa6 Rxb4 35. Rf1 bxa5 36. Be3 Ne5 37. Kxa5 Re4 38. Bf4 Rd4 0-1

[Event "GBR-ch73"]
[Site "Southampton"]
[Date "1986.07.31"]
[Round "4"]
[White "Lawson, David"]
[Black "Bowden, Karl"]
[Result "0-1"]
[WhiteElo "2200"]
[BlackElo "2340"]
[PlyCount "92"]
[EventDate "1986.07.28"]
[EventType "swiss"]
[EventRounds "11"]
[EventCountry "GBR"]
[SourceTitle "BritBase"]
[Source "John Saunders"]
[SourceDate "2020.09.07"]
[SourceVersion "1"]
[SourceVersionDate "2020.09.07"]
[SourceQuality "2"]

1. e4 e6 2. d4 d5 3. Nd2 c5 4. exd5 Qxd5 5. Ngf3 cxd4 6. Bc4 Qd6 7. O-O Nf6 8.
Nb3 Nc6 9. Nbxd4 Nxd4 10. Nxd4 a6 11. Bb3 Qc7 12. Qf3 Bd6 13. h3 O-O 14. Bg5
Bh2+ 15. Kh1 Be5 16. Rad1 h6 17. Bh4 Nd7 18. Be7 Re8 19. Ba3 Nc5 20. Rfe1 Nxb3
21. Nxb3 Bf6 22. Nc5 Be7 23. Ne4 Bd7 24. Bxe7 Rxe7 25. Qa3 Bc6 26. c4 Rd7 27.
Rxd7 Qxd7 28. Qd6 Qe8 29. Qg3 Qe7 30. Nd6 Qf6 31. b3 Qd4 32. c5 Qxc5 33. Nc4
Rd8 34. Kg1 Rd4 35. Qb8+ Kh7 36. Qg3 Qg5 37. Qxg5 hxg5 38. Ne5 Be8 39. Rc1 f6
40. Rc8 Bb5 41. Nf3 Rd1+ 42. Kh2 Bc6 43. Rc7 e5 44. Kg3 Rd3 45. Kh2 e4 46. Ng1
Rd2 0-1

[Event "GBR-ch73"]
[Site "Southampton"]
[Date "1986.07.31"]
[Round "4"]
[White "Lawton, Geoffrey W"]
[Black "McDonald, Neil R"]
[Result "1/2-1/2"]
[WhiteElo "2365"]
[BlackElo "2495"]
[PlyCount "128"]
[EventDate "1986.07.28"]
[EventType "swiss"]
[EventRounds "11"]
[EventCountry "GBR"]
[SourceTitle "BritBase"]
[Source "John Saunders"]
[SourceDate "2020.09.07"]
[SourceVersion "1"]
[SourceVersionDate "2020.09.07"]
[SourceQuality "2"]

1. e4 e6 2. d4 d5 3. Nd2 Nf6 4. e5 Nfd7 5. f4 c5 6. c3 Nc6 7. Ndf3 Qa5 8. dxc5
Qxc5 9. Bd3 d4 10. Ne2 dxc3 11. Nxc3 Qb6 12. Qe2 Nc5 13. Bb1 Bd7 14. Be3 Qa6
15. Qxa6 bxa6 16. O-O Rb8 17. b3 Be7 18. Ne4 Nxe4 19. Bxe4 Rb4 20. Nd2 O-O 21.
Rac1 Rc8 22. Rc3 f5 23. Bd3 a5 24. Ba6 Rd8 25. Rfc1 g5 26. g3 gxf4 27. gxf4 Nd4
28. Rc7 Kf8 29. R1c4 Bb5 30. Bxb5 Nxb5 31. R7c6 Rd3 32. Kf2 Rxc4 33. Nxc4 Kf7
34. Ra6 Bb4 35. Nxa5 Nc7 36. Rxa7 Bxa5 37. Rxa5 Nd5 38. Rc5 Rxe3 39. Rxd5 Re4
40. Rd7+ Ke8 41. Rxh7 Rxf4+ 42. Kg3 Re4 43. Rb7 Rxe5 44. a4 Kd8 45. b4 Kc8 46.
Rb5 Re3+ 47. Kf2 Ra3 48. a5 Kc7 49. Kg2 Kd6 50. h4 f4 51. h5 e5 52. h6 Rg3+ 53.
Kf2 e4 54. h7 Rh3 55. Rf5 Rh2+ 56. Kg1 Rxh7 57. Rxf4 Ke5 58. Rf8 e3 59. a6 Kd4
60. b5 Kc5 61. Rf5+ Kb6 62. Kf1 Re7 63. Ke2 Ka5 64. Rg5 Kb6 1/2-1/2

[Event "GBR-ch73"]
[Site "Southampton"]
[Date "1986.07.31"]
[Round "4"]
[White "Le Blancq, Simon"]
[Black "Rahman, Ziaur"]
[Result "0-1"]
[WhiteElo "2270"]
[BlackElo "2305"]
[PlyCount "82"]
[EventDate "1986.07.28"]
[EventType "swiss"]
[EventRounds "11"]
[EventCountry "GBR"]
[SourceTitle "BritBase"]
[Source "John Saunders"]
[SourceDate "2020.09.07"]
[SourceVersion "1"]
[SourceVersionDate "2020.09.07"]
[SourceQuality "2"]

1. d4 d5 2. Nf3 Nf6 3. g3 Bf5 4. Bg2 c6 5. O-O e6 6. Nbd2 Be7 7. b3 Nbd7 8. Bb2
O-O 9. Nh4 Ne4 10. Nxf5 exf5 11. c4 Bd6 12. e3 Qg5 13. cxd5 cxd5 14. Qe2 Ndf6
15. Nf3 Qh5 16. Qb5 g5 17. Ne5 g4 18. Nd7 Nxd7 19. Bxe4 fxe4 20. Qxd7 Rad8 21.
Qxb7 Rde8 22. Qb5 Re6 23. Rfe1 Rh6 24. h4 gxh3 25. Qe2 h2+ 26. Kh1 Qg5 27. Rec1
Kh8 28. Bc3 Rg8 29. Be1 Qf5 30. Rc2 Qh3 31. Rac1 Rf6 32. Rc6 Bxg3 33. fxg3 Rf1+
34. Qxf1 Qxf1+ 35. Kxh2 Rg5 36. Rh6 Qe2+ 37. Kh3 Qxe3 38. Ra1 Rf5 39. Rh4 Rf1
40. Bd2 Qe2 41. Bf4 Rxa1 0-1

[Event "GBR-ch73"]
[Site "Southampton"]
[Date "1986.07.31"]
[Round "4"]
[White "Lyell, Mark"]
[Black "Carr, Neil L"]
[Result "1/2-1/2"]
[WhiteElo "2030"]
[BlackElo "2305"]
[PlyCount "48"]
[EventDate "1986.07.28"]
[EventType "swiss"]
[EventRounds "11"]
[EventCountry "GBR"]
[SourceTitle "BritBase"]
[Source "John Saunders"]
[SourceDate "2020.09.07"]
[SourceVersion "1"]
[SourceVersionDate "2020.09.07"]
[SourceQuality "2"]

1. e4 g6 2. d4 Bg7 3. Nf3 d6 4. Bc4 c6 5. O-O Nf6 6. Qe2 O-O 7. e5 Nd5 8. h3 b5
9. Bxd5 cxd5 10. Bf4 dxe5 11. dxe5 b4 12. Rd1 a5 13. a3 Bb7 14. axb4 axb4 15.
Rxa8 Bxa8 16. Nbd2 Nc6 17. Nb3 e6 18. Ra1 d4 19. Rd1 Qd5 20. Nbxd4 Nxd4 21.
Rxd4 Qa5 22. Qe1 Bxf3 23. gxf3 Qc5 24. Qe4 Rb8 1/2-1/2